000 00289nam a22001337a 4500
008 171130b xxu||||| |||| 00| 0 eng d
020 _a9781569800690
041 _aeng
080 _a82
100 _a21
101 _aGJL
245 _aTHE CRY FOR JUSTICE
_cSINCLAIR, U
942 _2udc
_cBK
999 _c38639
_d38639